Course in mental ability and quantitative aptitude : (Record no. 193173)
[ view plain ]
| 000 -LEADER | |
|---|---|
| fixed length control field | 00651nam a2200193Ia 4500 |
| 005 - DATE AND TIME OF LATEST TRANSACTION | |
| control field | 20230121104209.0 |
| 008 - FIXED-LENGTH DATA ELEMENTS--GENERAL INFORMATION | |
| fixed length control field | 210716s2013 xx 000 0 und d |
| 020 ## - INTERNATIONAL STANDARD BOOK NUMBER | |
| International Standard Book Number | 9781259003660 |
| 040 ## - CATALOGING SOURCE | |
| Transcribing agency | AIMIT LIBRARY |
| 041 ## - LANGUAGE CODE | |
| Language code of text/sound track or separate title | eng |
| 082 ## - DEWEY DECIMAL CLASSIFICATION NUMBER | |
| Classification number | 153.94 |
| Edition number | 3 |
| Item number | THOE |
| 100 ## - MAIN ENTRY--PERSONAL NAME | |
| Personal name | Thorpe, Edgar. |
| 9 (RLIN) | 69570 |
| 245 ## - TITLE STATEMENT | |
| Title | Course in mental ability and quantitative aptitude : |
| Remainder of title | For competitive examinations / |
| Statement of responsibility, etc. | By Edgar Thorpe |
| 250 ## - EDITION STATEMENT | |
| Edition statement | 3rd ed. |
| Remainder of edition statement | McGraw Hill Education |
| 260 ## - PUBLICATION, DISTRIBUTION, ETC. | |
| Place of publication, distribution, etc. | New Delhi : |
| Name of publisher, distributor, etc. | Tata Mc Graw Hill Publishing Company , |
| Date of publication, distribution, etc. | 2013. |
| 300 ## - PHYSICAL DESCRIPTION | |
| Extent | x,963p. ; |
| Other physical details | PB : |
| Dimensions | 23 cm. |
| 650 ## - SUBJECT ADDED ENTRY--TOPICAL TERM | |
| Topical term or geographic name entry element | Aptitude Test |
| 9 (RLIN) | 69571 |
| 942 ## - ADDED ENTRY ELEMENTS (KOHA) | |
| Source of classification or shelving scheme | Dewey Decimal Classification |
| Koha item type | Book |
| Edition | 3rd |
| Call number prefix | 153.94 THOE |
| Withdrawn status | Lost status | Source of classification or shelving scheme | Damaged status | Not for loan | Collection code | Home library | Current library | Source of acquisition | Cost, normal purchase price | Inventory number | Total Checkouts | Full call number | Barcode | Date last seen | Cost, replacement price | Price effective from | Koha item type | Date last checked out |
|---|---|---|---|---|---|---|---|---|---|---|---|---|---|---|---|---|---|---|
| Dewey Decimal Classification | MCA | St Aloysius Institute of Management & Information Technology | St Aloysius Institute of Management & Information Technology | Higginbothams Pvt Ltd | 410.00 | Bill no:540; Bill dt:2013-04-03 | 153.94 THOE | MCA12681 | 05/23/2026 | 307.50 | 07/16/2021 | Book | ||||||
| Dewey Decimal Classification | MCA | St Aloysius Institute of Management & Information Technology | St Aloysius Institute of Management & Information Technology | Higginbothams Pvt Ltd | 435.00 | Bill no:835; Bill dt:2013-08-19 | 153.94 THOE | MCA13108 | 05/23/2026 | 326.25 | 07/16/2021 | Book | ||||||
| Dewey Decimal Classification | MCA | St Aloysius Institute of Management & Information Technology | St Aloysius Institute of Management & Information Technology | Knowledge World | 480.00 | Bill no:173; Bill dt:2014-07-12 | 3 | 153.94 THOE | MCA13560 | 05/23/2026 | 360.00 | 07/16/2021 | Book | 01/04/2024 | ||||
| Dewey Decimal Classification | MCA | St Aloysius Institute of Management & Information Technology | St Aloysius Institute of Management & Information Technology | Knowledge World | 460.00 | Bill no:173; Bill dt:2014-07-12 | 2 | 153.94 THOE | MCA13561 | 05/23/2026 | 345.00 | 07/16/2021 | Book | 11/13/2024 |